[Event "BRA Amateur-ch U1400"]
[Site "Sao Paulo"]
[Date "2022.11.05"]
[Round "5"]
[White "De Azevedo Filho, Wilson"]
[Black "Medola, Hugo Stephano"]
[Result "1-0"]
[WhiteElo "1209"]
[BlackElo "1800"]
[PlyCount "147"]
[EventDate "2022.11.03"]
[EventType "swiss"]
[EventRounds "7"]
[EventCountry "BRA"]
[SourceTitle "CBM 211 Extra"]
[Source "ChessBase"]
[SourceDate "2023.01.31"]
[SourceVersion "1"]
[SourceVersionDate "2023.01.31"]
[SourceQuality "1"]

1. d4 Nf6 2. Nf3 g6 3. Bf4 Bg7 4. e3 d6 5. Be2 0-0 6. c3 Nbd7 7. Nbd2 Nb6 8. h3 Re8 9. 0-0 Bf5 10. Re1 Nbd7 11. Nc4 Ne4 12. Bd3 d5 13. Nce5 f6 14. Nxd7 Qxd7 15. Qb3 c6 16. Qc2 e5 17. Bh2 Re7 18. Nd2 exd4 19. cxd4 Rae8 20. Nxe4 dxe4 21. Bc4+ Kh8 22. Rad1 Qc8 23. Qe2 Be6 24. Rc1 Bxc4 25. Qxc4 f5 26. Qc5 a6 27. b3 Bf8 28. Bd6 Rf7 29. Qc4 Rf6 30. Be5 Bg7 31. Bxf6 Bxf6 32. Red1 Re7 33. Qc5 Rf7 34. Qc4 Kg7 35. Rc2 Bg5 36. d5 Rd7 37. Rcd2 Qd8 38. Kf1 f4 39. Qxe4 fxe3 40. fxe3 Qf6+ 41. Ke2 cxd5 42. Qd4 Qxd4 43. Rxd4 Re7 44. R1d3 h5 45. Rxd5 Kh6 46. Rd7 b5 47. Rxe7 Bxe7 48. e4 Kg5 49. Kf3 h4 50. Re3 Bc5 51. Re2 a5 52. e5 Kf5 53. e6 Kf6 54. Kg4 g5 55. g3 hxg3 56. Kxg3 Bd6+ 57. Kg4 Be7 58. h4 gxh4 59. Kxh4 Kf5+ 60. Kg3 Bd6+ 61. Kf3 Kf6 62. Re4 b4 63. Ke3 Ke7 64. Kd4 Kd8 65. Kc4 Be7 66. Kb5 Kc7 67. Kxa5 Kc6 68. Rxb4 Bxb4+ 69. Kxb4 Kd6 70. Kb5 Kxe6 71. Kc6 Ke7 72. Kc7 Ke6 73. b4 Kd5 74. b5 1-0

[Event "BRA-ch Amateur U1600"]
[Site "Sao Paulo"]
[Date "2022.06.17"]
[Round "3"]
[White "De Azevedo Filho, Wilson"]
[Black "Serafim, Paulo Rogerio"]
[Result "0-1"]
[WhiteElo "1185"]
[BlackElo "1468"]
[PlyCount "88"]
[EventDate "2022.06.16"]
[EventType "swiss"]
[EventRounds "7"]
[EventCountry "BRA"]
[SourceTitle "CBM 208 Extra"]
[Source "ChessBase"]
[SourceDate "2022.07.31"]
[SourceVersion "1"]
[SourceVersionDate "2022.07.31"]
[SourceQuality "1"]

1. d4 Nf6 2. Bf4 e6 3. Nf3 d5 4. e3 c5 5. c3 Nc6 6. Nbd2 Bd6 7. Bxd6 Qxd6 8. Bd3 e5 9. Nxe5 Nxe5 10. dxe5 Qxe5 11. Nf3 Qd6 12. h3 0-0 13. 0-0 Bd7 14. Qc2 Qe7 15. Rfe1 Ne4 16. c4 Bc6 17. Rad1 Rad8 18. cxd5 Bxd5 19. Bc4 Bc6 20. Qb3 Nd6 21. Bd5 Bb5 22. Qc2 b6 23. h4 Bd7 24. Ng5 g6 25. e4 h6 26. Nf3 Bg4 27. e5 Nf5 28. Re4 Bxf3 29. gxf3 Nd4 30. Qc1 Rxd5 31. Qxh6 Nf5 32. Qc1 Rxd1+ 33. Qxd1 Nxh4 34. Qe2 Kg7 35. Rg4 Qxe5 36. Re4 Qh5 37. Rg4 Rh8 38. Rxh4 Qxh4 39. Qe5+ Qf6 40. f4 Qxe5 41. fxe5 Rh4 42. f3 f6 43. exf6+ Kxf6 44. Kg2 Rc4 0-1